| 000 | 00531nam a2200181 i 4500 | ||
|---|---|---|---|
| 001 | 64722 | ||
| 003 | ES-MaACL | ||
| 007 | t| | ||
| 008 | 040105s1953 sp ||||1| cat d | ||
| 100 | 1 |
_aFornell, J. _951772 |
|
| 245 | 1 | 0 |
_aGlosses a l'obra verdagueriana / _cJ. Fornell. |
| 260 |
_aBarcelona : _bBarcino, _c1953 ( _fAriel) |
||
| 300 |
_a57 p. ; _c19 cm. |
||
| 490 | 1 |
_aPublicación de la revista ; _v14 |
|
| 830 | 0 |
_aPublicación de la revista ; _v14 _9182925 |
|
| 852 |
_aES-MaACL _jC-7874 _bR.35527 |
||
| 999 |
_c64722 _d64722 |
||